| 000 | 00679nam a2200205 a 4500 | ||
|---|---|---|---|
| 001 | 72888 | ||
| 003 | BD-RjUL | ||
| 005 | 20211209082324.0 | ||
| 008 | 170524s1970 ia ||||| |||| 00| 0 eng d | ||
| 035 | _a(BD-RjUL)73106 | ||
| 040 |
_aBD-RjUL _beng _cBD-RjUL |
||
| 041 | _aeng | ||
| 082 |
_223 _a519.5 _bHAS 1970 |
||
| 100 | 1 |
_aHaykal, Abd-el-Aziz Fahmy _9215595 |
|
| 245 |
_aStudies in statistics : _b1 - Some remarks about family living studies, 2 - Mortality trends during the period 1900-1950 / _cAbd-el-Aziz Fahmy Haykal |
||
| 260 |
_aBeirut : _bBeirut Arab University, _c1970. |
||
| 300 |
_a[6] 47 p. ; _c25 cm. |
||
| 650 |
_aMathematical statistics _9215596 |
||
| 942 |
_2ddc _cBK |
||
| 999 |
_c72888 _d72888 |
||